000
00218nam a2200097Ia 4500
008
220204s9999 xx 000 0 und d
082
_a
82-3
_b
BLY
100
_a
Blyton, Enid
245
0
_a
Castle of adventure
942
_c
BK
999
_c
37710
_d
37710